[Event "Russian Winter op"]
[Site "Moscow"]
[Date "1991.??.??"]
[Round "?"]
[White "Utemov, Vladimir"]
[Black "Shchekachev, Andrei"]
[Result "1/2-1/2"]
[WhiteElo "2425"]
[BlackElo "2355"]

1.Nf3 Nf6 2.c4 g6 3.Nc3 Bg7 4.e4 d6 5.d4 O-O 6.Be2 e5 7.O-O Nc6 8.d5 Ne7
9.Bd2 Nh5 10.g3 f5 11.exf5 Nxf5 12.Ne4 Qe8 13.Re1 Nf6 14.Bd3 Nxe4 15.Bxe4 Nh6
16.Ng5 Ng4 17.Bf3 Nf6 18.Be3 h6 19.Ne4 Bf5 20.Nxf6+ Rxf6 21.Rc1 h5 22.Bg5 Rf7
23.Be4 Qd7 24.Qd3 Raf8 25.Rc2 b6 26.b4 Kh7 27.Be3 Bh6 28.Bxh6 Kxh6 29.c5 Bxe4
30.Rxe4 Kh7 31.cxd6 cxd6 32.Rec4 Qb5 33.Qe4 a5 34.Rc6 Rf6 35.Qc4 Qxc4 36.R6xc4 b5
37.Rc7+ R8f7 38.bxa5 Rxf2 39.a6 Rxc2 40.Rxf7+ Kh6 41.Rf2 Rc4 42.Rf6 Ra4 43.Rxd6 Rxa2
44.Rb6 Kg5 45.d6 Kf6 46.Rxb5 Rxa6 47.Rd5 Ra8 48.d7 Ke7 49.Kg2 Rd8 50.Rxe5+ Kf6  1/2-1/2

[Event "Moscow5"]
[Site "Moscow"]
[Date "1991.??.??"]
[Round "?"]
[White "Shirov, Alexei"]
[Black "Lanka, Zigurds"]
[Result "1-0"]
[WhiteElo "2610"]
[BlackElo "2505"]

1.d4 Nf6 2.c4 g6 3.Nc3 Bg7 4.e4 d6 5.Nf3 O-O 6.Be2 e5 7.O-O Nc6 8.d5 Ne7
9.Ne1 Nd7 10.Nd3 f5 11.Bd2 Kh8 12.f3 f4 13.g4 Bf6 14.Be1 h5 15.h3 Ng8 16.b4 Bh4
17.c5 Rf7 18.Kg2 Rh7 19.cxd6 cxd6 20.Bxh4 Qxh4 21.Qe1 Qf6 22.Qf2 Nf8 23.a4 g5
24.Rfc1 Bd7 25.Kf1 Ng6 26.Ke1 hxg4 27.hxg4 Rh3 28.Kd2 Nh4 29.Rh1 Rxh1 30.Rxh1 Kg7
31.Nb2 Qe7 32.Bb5 Bc8 33.Kc2 Nf6 34.Kb3 Qc7 35.Rxh4 gxh4 36.Qxh4 a6 37.Qg5+ Kf7
38.Nc4 Qd8 39.a5 Rb8 40.Ba4 Qc7 41.Qh6 Bxg4 42.fxg4 Rc8 43.Bc6 bxc6 44.g5 Ne8
45.Nb6 Rb8 46.Qh7+ Ng7 47.dxc6 Rg8 48.g6+ Kf8 49.Nd7+  1-0

[Event "Russian Winter op"]
[Site "Moscow"]
[Date "1991.??.??"]
[Round "?"]
[White "Zarubin, Pavel"]
[Black "Muratov, Vladimir A"]
[Result "1-0"]
[WhiteElo "2420"]
[BlackElo "2410"]

1.d4 Nf6 2.c4 g6 3.Nc3 Bg7 4.e4 d6 5.Be2 O-O 6.Nf3 e5 7.O-O Nc6 8.d5 Ne7
9.Nd2 c5 10.Rb1 Ne8 11.b4 b6 12.a4 f5 13.a5 Nf6 14.axb6 axb6 15.Qb3 Ra6 16.Bd3 Nh5
17.Re1 Nf4 18.Bf1 fxe4 19.Ndxe4 Nf5 20.Nb5 Nd4 21.Qd1 Nxb5 22.cxb5 Ra2 23.Bc4 Ra8
24.bxc5 bxc5 25.b6 Rb8 26.Qb3 Kh8 27.Bd2 Rf7 28.Rb2 Bb7 29.Ra2 Bc8 30.Rb2 Bf8
31.Qg3 Be7 32.Bc3 Nh5 33.Qe3 Ng7 34.Qc1 Rf8 35.Rb3 Bf5 36.b7 Qd7 37.Qb2 Bxe4
38.Rxe4 Bf6 39.Rb6 Rf7 40.Bb5 Qf5 41.Ra4 Rff8 42.Bc6 Bd8 43.Rba6 Qd3 44.Qd2 Qb1+
45.Qe1 Qc2 46.f4 Nf5 47.Ra8 Bc7 48.fxe5 Kg8 49.e6 c4 50.Rxb8 Bxb8 51.Ra1 Qd3
52.e7  1-0

[Event "Munich"]
[Site "Munich"]
[Date "1991.??.??"]
[Round "5"]
[White "Hertneck, Gerald"]
[Black "Wahls, Matthias"]
[Result "1-0"]
[WhiteElo "2535"]
[BlackElo "2560"]

1.d4 Nf6 2.c4 g6 3.Nc3 Bg7 4.e4 d6 5.Nf3 O-O 6.Be2 e5 7.O-O Nc6 8.d5 Ne7
9.Nd2 c5 10.Rb1 b6 11.b4 Ne8 12.bxc5 bxc5 13.Nb3 f5 14.Bg5 h6 15.Bxe7 Qxe7
16.Na5 Nf6 17.Nc6 Qd7 18.f3 h5 19.Qe1 Bh6 20.Bd1 Ba6 21.Ba4 Qh7 22.Bb5 Bc8
23.Rb3 h4 24.exf5 gxf5 25.Ne2 h3 26.f4 hxg2 27.Kxg2 e4 28.Qh4 a6 29.Ba4 Kh8
30.Kh1 Bd7 31.Rh3 Ng4 32.Ng3 Rf7 33.Nxe4 fxe4 34.Nd8 Bxa4 35.Nxf7+ Qxf7 36.Qxg4 Kh7
37.Qg5 Qf8 38.Rg1 Be8 39.Rxh6+  1-0

[Event "New York op"]
[Site "New York"]
[Date "1991.??.??"]
[Round "1"]
[White "Gurevich, Dmitry"]
[Black "Busquets, Luis"]
[Result "1-0"]
[WhiteElo "2460"]
[BlackElo "2305"]

1.Nf3 d6 2.d4 Nf6 3.c4 g6 4.Nc3 Bg7 5.e4 O-O 6.Be2 e5 7.O-O Nc6 8.Be3 Ng4
9.Bg5 f6 10.Bc1 f5 11.dxe5 dxe5 12.Qxd8 Rxd8 13.Bg5 Rd7 14.c5 h6 15.Bc1 Nd4
16.Bd1 c6 17.Re1 Kh7 18.h3 Nxf3+ 19.Bxf3 Nf6 20.exf5 gxf5 21.Rxe5 Nd5 22.Rxd5 cxd5
23.Nxd5 Rf7 24.Bf4 Bd7 25.Nc7 Rc8 26.Bh5 Re7 27.Bd6 Re4 28.Rd1 Bc6 29.b3 Rh4
30.Bf7 Rd8 31.Ne6 Rc8 32.Nf4  1-0

[Event "New York op"]
[Site "New York"]
[Date "1991.??.??"]
[Round "3"]
[White "Gruenberg, Hans Ulrich"]
[Black "Fernandes, Antonio"]
[Result "1-0"]
[WhiteElo "2485"]
[BlackElo "2340"]

1.d4 Nf6 2.c4 g6 3.Nc3 Bg7 4.e4 d6 5.Be2 O-O 6.Nf3 e5 7.O-O Nc6 8.Be3 Ng4
9.Bg5 f6 10.Bh4 Nh6 11.dxe5 dxe5 12.c5 Be6 13.Qa4 g5 14.Bg3 g4 15.Bc4 Qe7
16.Nd2 Kh8 17.Nb3 Qf7 18.Bxe6 Qxe6 19.Rad1 Rf7 20.Nd5 f5 21.exf5 Qxf5 22.Rfe1 Qg6
23.Na5 Nd4 24.Nc4  1-0

[Event "New York op"]
[Site "New York"]
[Date "1991.??.??"]
[Round "6"]
[White "Meyer, Eugene B"]
[Black "Fedorowicz, John P"]
[Result "0-1"]
[WhiteElo "2470"]
[BlackElo "2555"]

1.c4 Nf6 2.Nc3 g6 3.e4 d6 4.d4 Bg7 5.Nf3 O-O 6.Be2 e5 7.O-O Nc6 8.d5 Ne7
9.Nd2 a5 10.a3 Nd7 11.b3 f5 12.Bb2 Nf6 13.b4 f4 14.c5 g5 15.f3 Ng6 16.Nc4 axb4
17.axb4 Rxa1 18.Bxa1 Rf7 19.Nb5 Bf8 20.Na7 Bd7 21.c6 Qa8 22.Qa4 bxc6 23.dxc6 Bxc6
24.Qxc6 Qxa7+ 25.Kh1 Kg7 26.b5 Nd7 27.Bc3 Qa2 28.Bd3 Nc5 29.b6 cxb6 30.Nxd6 Bxd6
31.Qxd6 Rd7 32.Bxe5+ Kh6 33.Qxb6 Nxd3 34.Bd4 Qc4 35.Bf6 Nde5 36.Rg1 Qc6 37.Qxc6 Nxc6
38.g3 Rd3 39.h4 gxh4 40.gxf4 Rxf3 41.f5 Rh3+ 42.Kg2 Rg3+ 43.Kf2 Rxg1 44.Kxg1 Nge5
45.Kg2 Kh5 46.Kh3 Nf3 47.Bc3 Ng5+  0-1

[Event "New York op"]
[Site "New York"]
[Date "1991.??.??"]
[Round "6"]
[White "Dlugy, Maxim"]
[Black "Fishbein, Alexander"]
[Result "1-0"]
[WhiteElo "2570"]
[BlackElo "2465"]

1.d4 Nf6 2.c4 g6 3.Nc3 Bg7 4.e4 d6 5.Nf3 O-O 6.Be2 e5 7.O-O Nc6 8.Be3 Re8
9.dxe5 dxe5 10.Qxd8 Rxd8 11.Rfd1 Bg4 12.Nd5 Nxe4 13.Nxc7 Rxd1+ 14.Rxd1 Rc8
15.Nd5 Nf6 16.Nxf6+ Bxf6 17.h3 Be6 18.b3 a5 19.Ng5 Nd4 20.Bd3 Bd7 21.Be4 b6
22.Nf3 Bc6 23.Bxc6 Rxc6 24.Bxd4 exd4 25.Kf1 Rd6 26.Ke2 Kf8 27.Kd3 Bg7 28.Re1 h6
29.Re2 f5 30.a3 Bf6 31.b4 axb4 32.axb4 Kf7 33.Ra2 Rd7 34.Ra6 Rb7 35.Ne1 h5
36.f4 Be7 37.Nc2 Bf6 38.Ra8 Ke7 39.Rg8 Kf7 40.Rc8 Ke7 41.Rc6 Kf7 42.b5 Bg7
43.Nb4 Bf8 44.Nd5 Bc5 45.Nc7 Ke7 46.h4 Kf7 47.Ne6 Be7 48.g3 Bf6 49.Rc7+ Rxc7
50.Nxc7 Be7 51.Kxd4 Bc5+ 52.Kd5 Bf2 53.Ne6 Ke7 54.c5 bxc5 55.b6 c4 56.b7 Ba7
57.Nd4 c3 58.Nc6+  1-0

[Event "New York op"]
[Site "New York"]
[Date "1991.??.??"]
[Round "8"]
[White "Donaldson, John W"]
[Black "Markzon, Gregory"]
[Result "1/2-1/2"]
[WhiteElo "2410"]
[BlackElo "2235"]

1.Nf3 Nf6 2.d4 g6 3.c4 Bg7 4.Nc3 O-O 5.e4 d6 6.Be2 e5 7.O-O Nc6 8.d5 Ne7
9.b4 Nh5 10.g3 f5 11.Ng5 h6 12.Ne6 Bxe6 13.dxe6 Nf6 14.f3 f4 15.c5 d5 16.exd5 Nfxd5
17.Nxd5 Nxd5 18.Bc4  1/2-1/2

[Event "Niksic"]
[Site "Niksic"]
[Date "1991.??.??"]
[Round "13"]
[White "Nikcevic, Nebojsa"]
[Black "Spasov, Vasil"]
[Result "1/2-1/2"]
[WhiteElo "2440"]
[BlackElo "2550"]

1.d4 Nf6 2.Nf3 g6 3.c4 Bg7 4.Nc3 O-O 5.e4 d6 6.Be2 e5 7.O-O Nc6 8.d5 Ne7
9.Nd2 a5 10.a3 Nd7 11.Rb1 f5 12.b4 axb4 13.axb4 Nf6 14.f3 Bh6 15.Kh1 Rf7  1/2-1/2

[Event "NLD-ch"]
[Site "NLD"]
[Date "1991.??.??"]
[Round "4"]
[White "Van Wely, Loek"]
[Black "Pieterse, Gert"]
[Result "0-1"]
[WhiteElo "2475"]
[BlackElo "2405"]

1.d4 Nf6 2.c4 g6 3.Nc3 Bg7 4.e4 O-O 5.Nf3 d6 6.Be2 e5 7.O-O Nc6 8.d5 Ne7
9.b4 Nh5 10.g3 f5 11.Ng5 Nf6 12.f3 Re8 13.c5 h6 14.cxd6 Qxd6 15.Ne6 Bxe6
16.dxe6 Qxb4 17.Qb3 Qxb3 18.axb3 a6 19.Be3 Nc6 20.exf5 gxf5 21.Bd3 e4 22.fxe4 Ng4
23.Bd2 Rad8 24.Nd5 Bxa1 25.Rxa1 Nce5 26.Be2 fxe4 27.Nxc7 Rxd2 28.Bxg4 Re7  0-1

[Event "NOR-chT"]
[Site "NOR"]
[Date "1991.??.??"]
[Round "?"]
[White "Gausel, Einar"]
[Black "Gullaksen, Eirik T"]
[Result "1-0"]
[WhiteElo "2425"]
[BlackElo "2260"]

1.d4 Nf6 2.c4 g6 3.Nc3 Bg7 4.e4 d6 5.Nf3 O-O 6.Be2 e5 7.O-O Nc6 8.d5 Ne7
9.Nd2 Nd7 10.b4 f5 11.a4 Kh8 12.f3 Bh6 13.Bb2 Ng8 14.Kh1 Be3 15.c5 Ndf6 16.Qc2 Bxd2
17.Qxd2 f4 18.g4 Rf7 19.Rac1 Ne8 20.a5 h5 21.gxh5 g5 22.b5 b6 23.cxb6 cxb6
24.Ra1 Rb8 25.axb6 axb6 26.Na2 Rh7 27.Nb4 Qd7 28.Nc6 Rxh5 29.Rf2 Rb7 30.Ra8 Ngf6
31.Nxe5 dxe5 32.Bxe5 Ra7 33.Rxa7 Qxa7 34.Qc3 Qe7 35.Bxf6+ Nxf6 36.Qxc8+ Kg7
37.Qc3 g4 38.fxg4 Qxe4+ 39.Bf3 Qb1+ 40.Kg2 Qg6 41.Qc7+ Kh8 42.Qxf4 Rh7 43.g5 Nd7
44.Be4  1-0

[Event "NOR-chT"]
[Site "NOR"]
[Date "1991.??.??"]
[Round "?"]
[White "Gausel, Einar"]
[Black "Dannevig, Oystein"]
[Result "1-0"]
[WhiteElo "2425"]
[BlackElo "2270"]

1.d4 Nf6 2.c4 g6 3.Nc3 Bg7 4.e4 d6 5.Nf3 O-O 6.Be2 e5 7.O-O Nc6 8.Be3 Ng4
9.Bg5 f6 10.Bc1 Nh6 11.d5 Ne7 12.b4 Nf7 13.c5 f5 14.Ng5 Nxg5 15.Bxg5 h6 16.Bd2 fxe4
17.Bc4 Rf4 18.Bxf4 exf4 19.Nxe4 Bf5 20.Re1 g5 21.cxd6 cxd6 22.Nxd6 Qxd6 23.Rxe7 Qxb4
24.Rc1 a5 25.d6+ Kh8 26.Qd5  1-0

[Event "NOR-ch"]
[Site "NOR"]
[Date "1991.??.??"]
[Round "7"]
[White "Djurhuus, Rune"]
[Black "Scholseth, Tor Kristian"]
[Result "1/2-1/2"]
[WhiteElo "2410"]
[BlackElo "2330"]

1.d4 Nf6 2.c4 g6 3.Nc3 Bg7 4.e4 d6 5.Be2 O-O 6.Nf3 e5 7.O-O Nc6 8.d5 Ne7
9.Ne1 Nd7 10.Nd3 f5 11.Bd2 Nf6 12.f3 f4 13.g4 h5 14.g5 Nh7 15.h4 Nxg5 16.hxg5 Nf5
17.Rf2 Qxg5+ 18.Rg2 Ng3 19.Nf2 Qf6 20.Bf1 g5 21.Rh2 Nxf1 22.Kxf1 Qg6 23.Rg2 Bf6
24.Ke2 g4 25.Kd3 g3 26.Ne2 h4 27.Ng1 Bd8 28.Ba5 c5 29.Bxd8 Rxd8 30.a3 a5
31.b4 axb4 32.axb4 Rxa1 33.Qxa1 Qh5 34.Qa5 Rf8 35.Qc7 h3 36.Nfxh3 Bxh3 37.Rb2 Bf1+
38.Kc3 Qh1 39.Qxd6 Qxg1 40.Qg6+  1/2-1/2

[Event "Scandic Cup"]
[Site "Odense"]
[Date "1991.??.??"]
[Round "1"]
[White "Burgess, Graham"]
[Black "Stentebjerg Hansen, Per"]
[Result "1-0"]
[WhiteElo "2300"]
[BlackElo "2255"]

1.d4 Nf6 2.Nf3 g6 3.c4 Bg7 4.Nc3 O-O 5.e4 d6 6.Be2 e5 7.O-O Nc6 8.d5 Ne7
9.Bg5 h6 10.Bxf6 Bxf6 11.b4 Bd7 12.c5 Qe8 13.Nd2 Bg5 14.Nc4 Nc8 15.Na5 Rb8
16.Bg4 f5 17.exf5 gxf5 18.Bh5 Qd8 19.Qb3 Be8 20.Bxe8 Qxe8 21.Ne2 Qh5 22.f4 Qxe2
23.fxg5 hxg5 24.Qh3 Ne7 25.Qh6 Rf7 26.cxd6 cxd6 27.Qxd6 Rc8 28.Rfe1 Qd2 29.Rad1 Qxa2
30.Nc6 bxc6 31.Rxe5 Re8 32.dxc6 Kg7 33.Re6 Qb2 34.Rde1 Kf8 35.c7 Qc3 36.Qd7 Rc8
37.Rxe7 Qxe1+ 38.Rxe1 Rxd7 39.Re5 Rdxc7 40.Rxf5+ Ke7 41.Rxg5 Rb7 42.Rg7+  1-0

[Event "Scandic Cup"]
[Site "Odense"]
[Date "1991.??.??"]
[Round "3"]
[White "Burgess, Graham"]
[Black "Borkowski, Franciszek"]
[Result "1/2-1/2"]
[WhiteElo "2300"]
[BlackElo "2375"]

1.d4 Nf6 2.c4 g6 3.Nc3 Bg7 4.e4 d6 5.Be2 O-O 6.Nf3 e5 7.O-O Nc6 8.d5 Ne7
9.Ne1 Nd7 10.Be3 f5 11.f3 Nf6 12.c5 f4 13.Bf2 g5 14.Rc1 Ng6 15.cxd6 cxd6
16.Nb5 g4 17.Nc7 g3 18.Nxa8 Nh5 19.Kh1 gxf2 20.Rxf2 Bf6 21.Nc7 Bh4 22.Nd3 Bxf2
23.Nxf2 Ng7 24.Qb3 Qe7 25.Nb5 Nh5 26.Rc7 Qg5 27.Qc4 Ng3+ 28.hxg3 fxg3 29.Rxc8 gxf2
30.Rxf8+ Nxf8 31.g4 Ng6 32.Nxd6 Qh6+ 33.Kg2 Nf4+ 34.Kxf2 Qxd6 35.Qc8+ Kg7
36.Qxb7+ Kg8 37.Qa8+ Kg7 38.Qxa7+ Kg8 39.Qa8+ Kg7 40.Qb7+ Kg8 41.Qc6 Qb8
42.b4 Qa7+ 43.Kf1 Qd4 44.Qc2 Nh3 45.Qc5 Qa1+ 46.Kg2 Nf4+ 47.Kf2 Qxa2 48.Qc8+ Kg7
49.Qd7+ Kf8 50.Qb5 Qd2 51.Qc5+ Kf7 52.Qc4 Qb2 53.b5 h6 54.Qc7+ Kf6 55.Qb6+ Ke7
56.Qe3 Kd6 57.Qb6+ Ke7 58.Qa7+ Kd8 59.Qe3 Ke7 60.Kf1 Qb1+ 61.Kf2  1/2-1/2

[Event "URS Army-ch"]
[Site "Odessa"]
[Date "1991.??.??"]
[Round "?"]
[White "Podgaets, Mikhail"]
[Black "Rumiancev, Gennadij"]
[Result "1-0"]
[WhiteElo "2450"]
[BlackElo "2320"]

1.d4 Nf6 2.c4 g6 3.Nc3 Bg7 4.e4 O-O 5.Nf3 d6 6.Be2 e5 7.O-O Nc6 8.d5 Ne7
9.Nd2 Nd7 10.b4 f5 11.Ba3 a5 12.bxa5 Rxa5 13.Bb4 Ra8 14.Nb3 b6 15.f3 Bh6
16.a4 Nc5 17.Qc2 Bd7 18.a5 fxe4 19.fxe4 Be3+ 20.Kh1 Rxf1+ 21.Bxf1 Nxb3 22.Qxb3 Qf8
23.Be2 Qh6 24.Nd1 Bd2 25.axb6 Rxa1 26.b7 Qf8 27.Bxd2 Qb8 28.Bh6 Kh8 29.c5 Ng8
30.Bg5 dxc5 31.Qb2 Rxd1+ 32.Bxd1 h6 33.Bd8 Bc8 34.bxc8=Q Qxc8 35.Qxe5+  1-0

[Event "Oslo Cup"]
[Site "Oslo"]
[Date "1991.??.??"]
[Round "1"]
[White "Ostenstad, Berge"]
[Black "Djurhuus, Rune"]
[Result "1/2-1/2"]
[WhiteElo "2500"]
[BlackElo "2400"]

1.d4 Nf6 2.c4 g6 3.Nc3 Bg7 4.e4 d6 5.Nf3 O-O 6.Be2 e5 7.O-O Nc6 8.d5 Ne7
9.Nd2 a5 10.Rb1 c5 11.a3 Ne8 12.b4 axb4 13.axb4 b6 14.bxc5 bxc5 15.Nb3 f5
16.f3 Kh8 17.Bd2 Ng8 18.Qc2 Bh6 19.exf5 Bxd2 20.Qxd2 gxf5 21.f4 exf4 22.Bd3 Ne7
23.Ne2 Ng6 24.Nxf4 Ne5 25.Kh1 Ng7 26.Ra1 Bd7 27.Rxa8 Qxa8 28.Qc3 Re8 29.Nd2 Kg8
30.Be2 Qd8 31.Qg3 Kh8 32.Nf3 Qf6 33.Ng5 Ng4 34.Qh4 h6 35.Nf3 Qxh4 36.Nxh4 Kg8
37.h3 Nf6 38.Bd3 Re3 39.Kg1 Ne4 40.Ra1 Be8 41.Kh2 Kf8 42.Ra7 Re1 43.Ne6+ Nxe6
44.dxe6 f4 45.e7+ Kf7 46.Bxe4 Rxe4 47.Nf5 Re6 48.Ra6 Rf6 49.Nxd6+ Kxe7 50.Nc8+ Kf7
51.Ra7+ Kf8 52.Ne7 Bf7 53.Nd5 Bxd5  1/2-1/2

[Event "Oslo Elitecup"]
[Site "Oslo"]
[Date "1991.??.??"]
[Round "6"]
[White "Ostenstad, Berge"]
[Black "Djurhuus, Rune"]
[Result "1/2-1/2"]
[WhiteElo "2475"]
[BlackElo "2410"]

1.d4 Nf6 2.Nf3 g6 3.c4 Bg7 4.Nc3 O-O 5.e4 d6 6.Be2 e5 7.O-O Nc6 8.d5 Ne7
9.Nd2 c6 10.a3 cxd5 11.cxd5 Ne8 12.Nc4 f5 13.f3 f4 14.a4 g5 15.g4 h5 16.h3 Rf6
17.Bd2 Rh6 18.a5 Ng6 19.Kf2 Bf8 20.Qa4 Bd7 21.Qb3 Rc8 22.Ke1 Qc7 23.Nb5 Qb8
24.Kd1 hxg4 25.hxg4 Rh2 26.Be1 Rc5 27.Nc3 Qc8 28.Bf2 Nh4 29.Bg1 Rh3 30.Bxc5 Qxc5
31.Kc2 Nc7 32.Qa3 Qxa3 33.Rxa3 Bb5 34.Nd2 Bxe2 35.Nxe2 Nb5 36.Rb3 a6 37.Rf2 Be7
38.Nc4 Bd8 39.Rd3 Bc7 40.Kd2 Bb8 41.Rf1 Ba7 42.Nb6 Rh2 43.Kd1 Ng2 44.Nc4 Bc5
45.Rd2 Nh4 46.Nc3 Rh3 47.Nxb5 axb5 48.Nxe5 Bb4 49.Rd3 dxe5 50.Rb3 Bc5 51.Rxb5 Be3
52.d6 Kf7 53.Rxb7+ Ke6 54.d7 Ke7 55.Ke2 Rh2+ 56.Kd3 Rh3 57.Ke2 Rh2+ 58.Kd3 Rh3
59.Kc4 Nxf3 60.Kd5 Nh2 61.Rd1 Rh6 62.d8=Q+ Kxd8 63.Kxe5+ Kc8 64.Rdd7 f3 65.Rdc7+ Kd8
66.Rd7+ Ke8 67.Re7+ Kf8 68.Rf7+ Kg8 69.Rg7+ Kh8 70.Rgf7 Kg8 71.Rg7+ Kf8 72.Rgf7+ Ke8  1/2-1/2

[Event "Oslo Cup"]
[Site "Oslo"]
[Date "1991.??.??"]
[Round "6"]
[White "Gausel, Einar"]
[Black "Hellers, Ferdinand"]
[Result "1-0"]
[WhiteElo "2425"]
[BlackElo "2550"]

1.d4 Nf6 2.c4 g6 3.Nc3 Bg7 4.Nf3 O-O 5.e4 d6 6.Be2 e5 7.O-O Nc6 8.Be3 Re8
9.dxe5 dxe5 10.Qxd8 Nxd8 11.Nb5 Ne6 12.Ng5 Re7 13.Rfd1 b6 14.a4 c6 15.Nxe6 Bxe6
16.Nc3 Rb7 17.b4 Bf8 18.b5 Rc8 19.Bg5 Kg7 20.bxc6 Rxc6 21.Bxf6+ Kxf6 22.Rd8 Bc5
23.Rg8 Rc8 24.Nd5+ Kg5 25.Rxc8 Bxc8 26.g3 f5 27.h4+ Kh6 28.Bf3 Rf7 29.Ra2 Bd4
30.Kg2 a5 31.Rc2 g5 32.hxg5+ Kxg5 33.Rd2 Bd7 34.exf5 Bxa4 35.Be4 Bc5 36.f4+ exf4
37.gxf4+ Kg4 38.Rd3 Bd7 39.Rg3+ Kh4 40.Rh3+ Kg4 41.Rg3+ Kh4 42.Rh3+ Kg4 43.f6 Bd4
44.Rd3 Bb2 45.Bf3+ Kf5 46.Bh5 Be6 47.Kf3 Bxd5+ 48.Rxd5+ Kxf6 49.Bxf7 Kxf7
50.Rd7+ Ke6 51.Rb7 Bd4 52.Rxh7 Kd6 53.Ke4 Bb2 54.Rh2 Bg7 55.Rg2 Ba1 56.f5  1-0

[Event "Oslo Cup"]
[Site "Oslo"]
[Date "1991.??.??"]
[Round "6"]
[White "Ostenstad, Berge"]
[Black "Watson, William N"]
[Result "1/2-1/2"]
[WhiteElo "2500"]
[BlackElo "2505"]

1.d4 Nf6 2.c4 g6 3.Nc3 Bg7 4.e4 d6 5.Nf3 O-O 6.Be2 e5 7.O-O Nc6 8.d5 Ne7
9.Nd2 a5 10.Rb1 Bd7 11.b3 Ne8 12.a3 c5 13.b4 axb4 14.axb4 b6 15.bxc5 bxc5
16.Nb3 f5 17.f3 Nf6 18.Bd2 f4 19.Ra1 Rxa1 20.Qxa1 g5 21.Nb5 Nc8 22.Qa6 Qe7
23.Na5 g4 24.Nc6 Qf7 25.Nb8 g3 26.Nxd7 gxh2+ 27.Kxh2 Qxd7 28.Qc6 Qf7 29.Kg1 Nh5
30.Nxd6 Nxd6 31.Qxd6 Ng3 32.Re1 Kh8 33.Bd3 Qh5 34.Qe7 Rf6 35.Qd8+ Rf8 36.Qe7 Rf6
37.Qd8+ Rf8  1/2-1/2

[Event "Pamplona op"]
[Site "Pamplona"]
[Date "1991.??.??"]
[Round "?"]
[White "Alvarez Ibarra, D Rafael"]
[Black "Milos, Gilberto"]
[Result "1/2-1/2"]
[WhiteElo "2355"]
[BlackElo "2530"]

1.d4 Nf6 2.Nf3 g6 3.c4 Bg7 4.Nc3 O-O 5.e4 d6 6.Be2 e5 7.O-O Nc6 8.Be3 Ng4
9.Bg5 f6 10.Bc1 Kh8 11.d5 Ne7 12.Ne1 Nh6 13.Be3 f5 14.f3 Nf7 15.Nd3 c5 16.b4 b6
17.bxc5 bxc5 18.Rb1 f4 19.Bd2 h5 20.Qe1 Ng8 21.Bd1 Qe7 22.Ba4 Nd8 23.Ne2 g5
24.Ba5 Ba6 25.Bb5 Bb7 26.Nf2 Nh6 27.g4 fxg3 28.Nxg3 Qf7 29.Nd1 h4 30.Nh1 a6
31.Ba4 Bc8 32.Ne3 Bh3 33.Rf2 Qg6 34.Bd1 Bf6 35.Rfb2 Be7 36.Nf2 Bd7 37.h3 Ng8
38.Nfg4 Nf6 39.Nxf6 Qxf6 40.Ng4 Qg7 41.Rb8 Rxb8 42.Rxb8 Nf7 43.Rb7 Bxg4 44.hxg4 Qf6
45.Qe2 Bd8 46.Bd2 Nh6 47.Ba4 Rf7 48.Rb8 Kg7 49.Be8 Qxf3 50.Qxf3 Rxf3 51.Rxd8 Nxg4
52.Bd7 Rg3+ 53.Kf1 h3 54.Bxg4 Rxg4 55.Rd7+ Kg8 56.Rd8+ Kg7  1/2-1/2

[Event "CSR-ch (Women)"]
[Site "Pardubice"]
[Date "1991.??.??"]
[Round "?"]
[White "Horakova, Dana"]
[Black "Repkova Eid, Eva"]
[Result "1-0"]
[WhiteElo "2085"]
[BlackElo "2115"]

1.d4 Nf6 2.Nf3 g6 3.c4 Bg7 4.Nc3 O-O 5.e4 d6 6.Be2 e5 7.O-O Nc6 8.d5 Ne7
9.Ne1 Nd7 10.Nd3 f5 11.Bd2 Nf6 12.f3 f4 13.c5 g5 14.cxd6 cxd6 15.Rc1 Ng6
16.Nf2 h5 17.h3 Rf7 18.Qc2 Bf8 19.Nb5 Ne8 20.a4 Rg7 21.Qb3 Nh4 22.Rc3 a6
23.Na3 Nf6 24.Be1 g4 25.fxg4 hxg4 26.hxg4 Nh5 27.Rxc8 Rxc8 28.Nh1 f3 29.Bxf3 Nf4
30.Ng3 Qg5 31.Nf5 Nxf5 32.exf5 e4 33.Bxe4 Qxg4 34.Qf3 Ne2+ 35.Kf2 Ng3 36.Qxg4 Rxg4
37.Bf3 Rg7 38.f6 Rg6 39.Rg1 Bh6 40.Bc3 Bg5 41.Re1 Bh4 42.Kg1 Bxf6 43.Nb1 Rf8
44.Bxf6 Rgxf6 45.Nd2 Rf4 46.b3 Kh8 47.Kf2 Nf5 48.Re4 Rxe4 49.Bxe4 Rf6 50.g4 Ne7+
51.Kg3 Kg7 52.Nc4 Kh6 53.a5 Kg5 54.Nd2 Rf8 55.Nf3+ Kh6 56.Nd2 Rc8 57.Nc4 Kg5
58.Nxd6 Rc3+ 59.Bf3 Rxb3 60.Ne4+ Kg6 61.d6 Nc6 62.Nc5 Rc3 63.Nxb7 Ne5 64.Kg2  1-0

[Event "Paris-ch"]
[Site "Paris"]
[Date "1991.??.??"]
[Round "3"]
[White "Fayard, Alain"]
[Black "Gouret, Thierry"]
[Result "0-1"]
[WhiteElo "2300"]
[BlackElo "2205"]

1.d4 Nf6 2.Nf3 g6 3.c4 Bg7 4.Nc3 O-O 5.e4 d6 6.Be2 e5 7.O-O Nc6 8.d5 Ne7
9.Bd2 Nd7 10.Rc1 Kh8 11.Ne1 f5 12.exf5 gxf5 13.f4 Ng6 14.Kh1 Nf6 15.Nd3 Ne4
16.Be1 Nxf4 17.Nxf4 exf4 18.Bf3 Qg5 19.Nxe4 fxe4 20.Bxe4 Bf5 21.Bxf5 Rxf5
22.Bc3 Be5 23.Qf3 Rg8 24.Rce1 Qh4 25.Qe4 Rh5 26.Qxf4 Qxh2+  0-1

[Event "Paris-ch"]
[Site "Paris"]
[Date "1991.??.??"]
[Round "4"]
[White "Thorsteins, Karl"]
[Black "Yedidia, Jonathan"]
[Result "1-0"]
[WhiteElo "2480"]
[BlackElo "2260"]

1.d4 Nf6 2.c4 g6 3.Nc3 Bg7 4.e4 d6 5.Nf3 O-O 6.Be2 e5 7.O-O Nc6 8.Be3 Ng4
9.Bg5 f6 10.Bc1 Nh6 11.dxe5 fxe5 12.Bg5 Qd7 13.Nd5 Kh8 14.Rc1 Nf7 15.Be3 Ncd8
16.c5 Ne6 17.cxd6 Qxd6 18.Nxc7 Nxc7 19.Qxd6 Nxd6 20.Rxc7 Nxe4 21.Rfc1 a6
22.a4 Nf6 23.Bc5 Re8 24.Bc4 Bd7 25.Bd6 Bxa4 26.Nxe5 Rac8 27.Nf7+ Kg8 28.Nd8+  1-0

[Event "Paris-ch"]
[Site "Paris"]
[Date "1991.??.??"]
[Round "7"]
[White "Hartereau, Philippe"]
[Black "Szalanczy, Emil"]
[Result "0-1"]
[WhiteElo "2170"]
[BlackElo "2420"]

1.Nf3 Nf6 2.c4 g6 3.Nc3 Bg7 4.e4 d6 5.d4 O-O 6.Be2 e5 7.O-O Nc6 8.d5 Na5
9.h3 c5 10.g4 Ne8 11.Bg5 f6 12.Bh4 Bh6 13.a3 b6 14.b4 Nb7 15.Bd3 Qd7 16.Ne2 Qg7
17.Bg3 Bd7 18.Kg2 Nd8 19.Nh2 Nf7 20.h4 Kh8 21.b5 f5 22.g5 Bxg5 23.hxg5 fxe4
24.Bc2 Nxg5 25.Ng1 Nf6 26.Qd2 Qh6 27.Rfe1 Bh3+ 28.Kh1 Ng4 29.Re2 Nxh2 30.Bxh2 Bg4
31.Rxe4 Qh4 32.f3 Nxf3 33.Qg2 h5 34.Nxf3 Rxf3 35.Rf1 Raf8 36.Rxf3 Rxf3 37.Re2 Rf4
38.Kg1 Bh3 39.Bg3 Qg4 40.Qh2  0-1

[Event "Philadelphia World op"]
[Site "Philadelphia"]
[Date "1991.??.??"]
[Round "?"]
[White "Hjartarson, Johann"]
[Black "Shchekachev, Andrei"]
[Result "0-1"]
[WhiteElo "2550"]
[BlackElo "2470"]

1.c4 g6 2.d4 Nf6 3.Nc3 Bg7 4.e4 d6 5.Nf3 O-O 6.Be2 e5 7.O-O Nc6 8.d5 Ne7
9.Ne1 Nd7 10.Nd3 f5 11.Bd2 Kh8 12.b4 Nf6 13.f3 h6 14.Rc1 g5 15.Nf2 Ng6 16.exf5 Bxf5
17.g3 a5 18.a3 axb4 19.axb4 c6 20.Qb3 Ne7 21.dxc6 bxc6 22.b5 cxb5 23.cxb5 Bh7
24.Nce4 Nf5 25.Bc3 Nxe4 26.fxe4 Bg8 27.Qb4 Ne3 28.Bd2 Nxf1 29.Rxf1 Qb6 30.Bg4 d5
31.Bd7 dxe4 32.Qxe4 Ra1 33.Be3 Rxf1+ 34.Kxf1 Qd6 35.Bc6 Bh7 36.Qg4 Qa3 37.Bb6 Bf5
38.Qd1 e4 39.Qe1 Qb2 40.Kg2 Bg6 41.Qe3 Rf3 42.Qe1 Ra3 43.Bxe4 Ra1 44.Qe3 Bxe4+
45.Qxe4 Qxb5 46.Bd4 Ra6 47.Bxg7+ Kxg7 48.Qe7+ Kg6 49.Qe4+ Qf5 50.Qc4 Qe6
51.Qd3+ Kg7 52.Ne4 Ra2+ 53.Kh1 Qc6 54.Qc3+ Qxc3 55.Nxc3 Rc2 56.Nd5 Kf7 57.Kg1 Ke6
58.Ne3 Ra2 59.h4 gxh4 60.gxh4 Ra4 61.Ng2 Kf5  0-1

[Event "Philadelphia World op"]
[Site "Philadelphia"]
[Date "1991.??.??"]
[Round "2"]
[White "Southam, Todd"]
[Black "Sherzer, Alex"]
[Result "0-1"]
[WhiteElo "2320"]
[BlackElo "2460"]

1.d4 Nf6 2.c4 g6 3.Nc3 Bg7 4.e4 d6 5.Nf3 O-O 6.Be2 e5 7.O-O Nc6 8.d5 Ne7
9.Nd2 a5 10.Rb1 Nd7 11.a3 f5 12.b4 Kh8 13.Qc2 Ng8 14.c5 axb4 15.axb4 dxc5
16.bxc5 Nxc5 17.Nb5 b6 18.f3 fxe4 19.fxe4 Rxf1+ 20.Bxf1 Nf6 21.Ba3 Ncxe4
22.Nxe4 Bf5 23.Bd3 Qxd5 24.Nf2 Bxd3 25.Qxd3 c6 26.Nd6  0-1

[Event "Philadelphia World op"]
[Site "Philadelphia"]
[Date "1991.??.??"]
[Round "5"]
[White "Rao, Vivek"]
[Black "Iashvili, Akaki"]
[Result "1-0"]
[WhiteElo "2370"]
[BlackElo "2465"]

1.d4 Nf6 2.Nf3 g6 3.c4 Bg7 4.Nc3 O-O 5.e4 d6 6.Be2 e5 7.O-O Nc6 8.d5 Ne7
9.b4 Nh5 10.c5 f5 11.Ng5 Nf6 12.f3 a5 13.bxa5 Rxa5 14.cxd6 Qxd6 15.Qb3 h6
16.Ne6 Bxe6 17.dxe6 fxe4 18.Nb5 Rxb5 19.Bxb5 exf3 20.gxf3 c6 21.Ba3 Qd4+
22.Kh1 Nfd5 23.Bc4 Qh4 24.Rad1 Re8 25.Bxd5 cxd5 26.Bxe7 Qxe7 27.Qxd5 Qxe6
28.Qxe6+ Rxe6 29.Rd7 Ra6 30.Rc1 Bf8 31.Rc8 Ra3 32.Rxb7 Rxf3 33.a4 e4 34.Kg2 Rf4
35.Rbb8 Kg7 36.Rxf8  1-0